Thermodynamics: A modern introduction to general thermodynamics and its applications to chemistry and physics (Record no. 3561)

000 -LEADER
fixed length control field 00490nam a22001577a 4500
008 - FIXED-LENGTH DATA ELEMENTS--GENERAL INFORMATION
fixed length control field 200619b ||||| |||| 00| 0 eng d
082 00 - DEWEY DECIMAL CLASSIFICATION NUMBER
Classification number 541.36
Item number P2738
100 ## - MAIN ENTRY--PERSONAL NAME
9 (RLIN) 2601
Personal name Partington, J. R.
245 10 - TITLE STATEMENT
Title Thermodynamics: A modern introduction to general thermodynamics and its applications to chemistry and physics
250 ## - EDITION STATEMENT
Edition statement 4th rev ed.
260 ## - PUBLICATION, DISTRIBUTION, ETC. (IMPRINT)
Place of publication, distribution, etc London
Name of publisher, distributor, etc Constable
Date of publication, distribution, etc 1950
300 ## - PHYSICAL DESCRIPTION
Extent x,261p.
365 ## - TRADE PRICE
Unit of pricing 14.63
650 #0 - SUBJECT ADDED ENTRY--TOPICAL TERM
Topical term or geographic name as entry element Thermodynamics
942 ## - ADDED ENTRY ELEMENTS (KOHA)
Item type Books
Holdings
Withdrawn status Lost status Source of classification or shelving scheme Damaged status Not for loan Permanent location Current location Date acquired Source of acquisition Full call number Barcode Date last seen Koha item type
          IMU Kolkata IMU Kolkata 1959-02-06 Book center 541.36 P2738 02466 2020-06-19 Books
Designed and Maintained by IMU-KC Library, Kolkata Campus © Copyright All Rights Reserved

webs counters

Powered by Koha